| 000 | 00554nam a22002057a 4500 | ||
|---|---|---|---|
| 003 | OSt | ||
| 005 | 20150420213417.0 | ||
| 008 | 150420b xxu||||| |||| 00| 0 eng d | ||
| 020 | _a9788122430868 | ||
| 040 | _cDNLM | ||
| 082 |
_222nd ed. _aQY25 K155m 2010 |
||
| 100 |
_aKar, Ashutosh _93952 |
||
| 245 | _aMedicinal chemistry | ||
| 250 | _a5th Rev & Exp ed. | ||
| 260 |
_aNew Delhi; _bNew Age, _c2010 |
||
| 300 |
_axxvi,1013p; _bcol.ill: _c24cm |
||
| 504 | _aBibliography & index included | ||
| 650 |
_aMedicinal Chemistry _93953 |
||
| 942 |
_2ddc _cO_SHELF |
||
| 999 |
_c1503 _d1503 |
||